Picture Click Quiz - Select Disney Princes - Statistics

General Stats
  • This quiz has been taken 233 times
  • The average score is 12 of 15
Answer Stats
Hint Explanation Answer % Correct
Aladdin From Aladdin
Aladdin
93%
Tarzan From Tarzan
Tarzan
89%
Hercules From Hercules
Hercules
89%
Kristoff From Frozen
Kristoff
86%
Captain Li Shang From Mulan
Captain Li Shang
86%
The Beast From Beauty and the Beast
The Beast
83%
Flynn Rider From Tangled
Flynn Rider
82%
Prince Naveen
From The Princess and the Frog
Louis
79%
Prince Charming From Cinderella
Prince Charming
76%
David Kawena From Lilo & Stitch
David Kawena
75%
Captain John Smith From Pocahontas
Captain John Smith
72%
Prince Eric From The Little Mermaid
Prince Eric
68%
Milo Thatch From Atlantis: The Lost Empire
Milo Thatch
66%
Prince Florian From Snow White
Prince Florian
63%
Prince Phillip From Sleeping Beauty
Prince Phillip
59%
No matching quizzes found
Score Distribution
Percent of People with Each Score
Percentile by Number Answered
Your Score History
You have not taken this quiz